000 00269nam a2200121Ia 4500
008 190216s9999||||xx |||||||||||||| ||und||
100 _aAbdurahiman A M
245 0 _aNusoosul Adab
260 _bAl-Huda Book Stall
_c1984
300 _a70p
650 _aArabic
942 _cBK
999 _c424
_d424